Minecraft - Guess the Advancements by Picture - Statistics

General Stats
  • This quiz has been taken 89 times
  • The average score is 51 of 125
Answer Stats
Picture Hint Answer % Correct
Acquire ______ Diamonds!
86%
Fill a Bucket with lava Hot Stuff
85%
Construct a better Pickaxe Getting an Upgrade
83%
Enter the ___ Portal The End?
82%
Deflect a projectile with a Shield Not Today, Thank You
80%
Mine Stone with your new Pickaxe Stone Age
80%
Follow an ___ of Ender Eye Spy
78%
Protect yourself with a piece of iron armor Suit Up
78%
Obtain a block of Obsidian Ice Bucket Challenge
77%
The heart and story of the game Minecraft
75%
Obtain Crying Obsidian Who is Cutting Onions?
75%
_____ an item at an _______ Table Enchanter
72%
Have every effect applied at the same time How Did We Get Here?
72%
Or the beginning? The End
72%
Destroy a Ghast with a fireball Return to Sender
71%
Build, light and enter a Nether Portal We Need to Go Deeper
71%
Kill any hostile ______ Monster Hunter
69%
Weaken and then cure a ______ Villager Zombie Doctor
68%
Break your way into a Nether ______ A Terrible Fortress
65%
Upgrade your Pickaxe Isn't It Iron Pick?
63%
Distract Piglins with gold Oh Shiny
63%
Sleep in a Bed to change your respawn point Sweet Dreams
63%
Smelt an Iron Ingot Acquire Hardware
62%
Loot a Chest in a Bastion Remnant War Pigs
62%
______ armor saves lives Cover Me with Diamonds
58%
Relieve a Blaze of its rod Into Fire
58%
Find Elytra Sky's the Limit
58%
Enter a Bastion Remnant Those Were the Days
57%
Shoot something with an Arrow Take Aim
55%
Successfully defend a _____ from a raid Hero of the Village
54%
Look at a Parrot through a Spyglass Is It a Bird?
54%
Obtain a Wither Skeleton's skull Spooky Scary Skeleton
54%
Use the Nether to travel 7 km in the Overworld Subspace Bubble
54%
Get a full suit of Netherite armor Cover Me in Debris
52%
Shoot a Crossbow Ol' Betsy
52%
Sneak near a Sculk Sensor or Warden to prevent it from detecting you Sneak 100
52%
Respawn the Ender Dragon The End... Again...
52%
Good luck Free the End
51%
Scrape ___ __ of a Copper block! Wax Off
51%
Apply Honeycomb to a Copper block! Wax On
51%
Tame an animal Best Friends Forever
49%
Obtain Ancient Debris Hidden in the Depths
49%
Look at the Ender Dragon through a Spyglass Is It a Plane?
49%
Hold the Dragon Egg The Next Generation
49%
Kill a Skeleton from at least 50 meters away Sniper Duel
48%
Ride a Strider with a Warped Fungus on a Stick This Boat Has Legs
48%
Rescue a Ghast from the Nether, bring it safely home to the Overworld... and then kill it Uneasy Alliance
48%
Eat everything that is edible, even if it's not good for you A Balanced Diet
46%
Plant a ____ and watch it grow A Seedy Place
46%
Explore all Nether biomes Hot Tourist Destinations
46%
Use a Totem of Undying to cheat death Postmortal
46%
Jump into a Honey Block to break your fall Sticky Situation
46%
Successfully trade with a Villager What a Deal!
46%
Bring a _____ to full power Beaconator
45%
Escape the island Remote Getaway
45%
Breed two animals together The Parrots and the Bats
45%
Summon the _____ Withering Heights
45%
Throw a Trident at something. Note: Throwing away your only weapon is not a good idea. A Throwaway Joke
43%
Look at a Ghast through a Spyglass Is It a Balloon?
43%
Use a Netherite Ingot to upgrade a Hoe, and then reevaluate your life choices Serious Dedication
43%
Go on in, what could happen? The City at the End of the Game
43%
Collect Dragon's Breath in a Glass Bottle You Need a Mint
43%
Free fall from the top of the world (build limit) to the bottom of the world and survive Caves & Cliffs
42%
Kill a mob near a Sculk Catalyst It Spreads
40%
Discover every biome Adventuring Time
38%
Construct and place a ______ Bring Home the Beacon
38%
Hit the bullseye of a Target block from at least 30 meters away Bullseye
38%
____ a Potion Local Brewery
38%
Trade with a Villager at the build height limit Star Trader
38%
Catch a Fish... without a Fishing Rod! Tactical Fishing
38%
Kill two Phantoms with a piercing _____ Two Birds, One Arrow
37%
Levitate up 50 blocks from the attacks of a Shulker Great View From Up Here
35%
Summon an Iron Golem to help defend a village Hired Help
35%
Charge a Respawn Anchor to the maximum Not Quite "Nine" Lives
35%
Breed all the animals! Two by Two
35%
Give a _____ a taste of their own medicine Who's the Pillager Now?
35%
Kill one of every hostile ______ Monsters Hunted
34%
Bring summer clothes Nether
34%
Have every potion effect applied at the same time A Furious Cocktail
32%
Walk on Powder Snow... without sinking in it Light as a Rabbit
31%
Kill a raid captain. Maybe consider staying away from villages for the time being... Voluntary Exile
29%
Kill five unique mobs with one crossbow shot Arbalistic
28%
Tame all Cat variants! A Complete Catalogue
26%
Step foot in a ____ Chamber Minecraft: Trial(s) Edition
26%
Deal 50 hearts of damage in a single hit using the Mace Over-Overkill
26%
Catch an Axolotl in a Bucket The Cutest Predator
26%
Use a Wind Charge to launch yourself upwards 8 blocks Who Needs Rockets?
26%
Use a Compass on a ___stone Country Lode, Take Me Home
25%
Take a Strider for a loooong ride on a lava lake in the Overworld Feels Like Home
25%
Catch a ___ Fishy Business
25%
Make the text of any kind of sign ____ Glow and Behold!
25%
The world is full of friends and food Husbandry
25%
______ a Villager from an undesired shock without starting a fire Surge Protector
25%
________, exploration and combat Adventure
23%
Be near a _____ when it ____ a _____ Crafters Crafting Crafters
22%
_____ a trimmed armor at a _______ Table Crafting a New Look
22%
Strike a Villager with lightning Very Very Frightening
22%
Get in a Boat and ____ with a ___ Whatever Floats Your Goat!
22%
Use an Ominous Trial ___ on an Ominous Vault Revaulting
18%
Make the Meadows come alive with the _____ __ _____ from a Jukebox Sound of Music
18%
Read the power signal of a Chiseled ____shelf using a Comparator The Power of Books
18%
Move a Bee Nest, with 3 ____ inside, using Silk Touch Total Beelocation
18%
Catch a Tadpole in a Bucket Bukkit Bukkit
17%
Get each Frog variant on a Lead When the Squad Hops Into Town
15%
Apply these ______ templates at least once: Spire, Snout, Rib, Ward, Silence, Vex, Tide, Wayfinder Smithing with Style
14%
Place a Dried Ghast block into water Stay Hydrated!
14%
Use a Trial ___ on a Vault Under Lock and Key
14%
Use a Campfire to collect Honey from a ___hive using a Glass Bottle without aggravating the ____ Bee Our Guest
12%
Have an Allay drop a Cake at a Note Block Birthday Song
12%
Kill a Breeze with a deflected Breeze-shot Wind Charge Blowback
12%
Make a Decorated Pot out of 4 Pottery Sherds Careful Restoration
12%
Brush a Suspicious block to obtain a Pottery Sherd Respecting the Remnants
12%
Tame one of each Wolf variant The Whole Pack
12%
Place a Creaking Heart with the correct alignment between two Pale Oak Log blocks Heart Transplanter
11%
Get Armadillo Scut from an Armadillo using a Brush Isn't It Scute?
11%
Scrape a Copper Bulb with an Axe to make it brighter Lighten Up
11%
Hit five mobs in the same Charge attack using the Spear. Mob Kabob
11%
Remove Wolf Armor from a Wolf using _____ Shear Brilliance
11%
Repair a damaged Wolf Armor using Armadillo Scutes Good as New
9%
Feed a Snifflet Little Sniffs
9%
Plant any Sniffer seed Planting the Past
9%
Have all Froglights in your inventory With Our Powers Combined!
9%
Obtain a Sniffer Egg Smells Interesting
8%
Have an Allay deliver items to you You've Got a Friend in Me
8%
Team up with an axolotl and win a fight The Healing Power of Friendship!
6%
No matching quizzes found
Score Distribution
Percent of People with Each Score
Percentile by Number Answered
Your Score History
You have not taken this quiz